000 00281nam a2200109Ia 4500
005 20251222141935.0
008 251222s9999||||xx |||||||||||||| ||spa||
082 _a362.829.2/P26D
100 _aParras Konrad, Sonia
245 0 _aDefensa y Promoción de la Mujer Latina:
942 _cLIB
999 _c9149
_d9149